Personnages historiques Partie III - Statistiques

Statistiques générales
  • Ce quiz a été pris 71 fois
  • Le résultat moyen est 4 sur 16
Statistiques - réponses
Par images Réponse % Correct
Auguste
74%
Mère Teresa
74%
Marie I / Marie Tudor
43%
Dante
36%
Mansa Moussa
36%
Mustafa Kemal Ataturk
36%
Kofi Annan
33%
Agatha Christie
26%
Alexander Fleming
21%
Jane Goodall
21%
Camille Claudel
16%
Guy Fawkes
14%
Albert Speer
5%
Rosalind Franklin
5%
Ingmar Bergman
3%
Saint Germain
2%
Aucun quiz correspondant
Distribution des résultats
% des personnes avec chaque résultat
Percentile par nombre de réponses
Votre historique - résultats
Vous n’avez pas pris ce quiz